000 00430 a2200157 4500
999 _c5960
_d5960
020 _a8122412688
050 _aQD 251.3 KAL 2000
100 _aKalsi, P.S.
_eauthor
245 _aOrganic reactions and their mechanisms/
_cP.S. Kalsi
250 _a2nd ed.
264 _aNew Delhi:
_bNew Age International,
_c2000
300 _a648p.:
_bill.
500 _aIncludes index
650 _aChemistry
942 _2lcc
_cBK
_e2nd
_h251.3
_iKAL
_kQD